000 00593nam a2200181Ia 4500
008 090123s9999 xx 000 0 und d
082 _b39274
100 _aक़ुलकर्णी राज
245 _aएक हिरवंगार वर्ष
250 _a1
260 _bसाकेत प्रकाशन
_c2005
300 _a56
600 _aक़ुलकर्णी राज
630 _aएक हिरवंगार वर्ष
700 _aक़ुलकर्णी राज
730 _aएक हिरवंगार वर्ष
942 _cBOOK
999 _c77339
_d77339